000 00485nam a2200205Ia 4500
003 0100
008 130227s9999 xx 000 0 und d
040 _cARRUPELIB
050 _aP94.5.A371 A78
100 _aMolefi, K. Asante
245 3 _aAn Afrocentric manifesto
245 _btoward an African renaisance
260 _aCambridge
260 _bPolity Press
260 _C2007
300 _av
300 _b 178p. 23cm.
650 _bEthics - Early works
942 _2lcc
_03
999 _c3648
_d3648